Forgeries of Czechoslovak postage stamps [1918-1939] (Record no. 2039)

000 -LEADER
fixed length control field 00668nam a22001217a 4500
008 - FIXED-LENGTH DATA ELEMENTS--GENERAL INFORMATION
fixed length control field 160604b xxu||||| |||| 00| 0 eng d
100 ## - MAIN ENTRY--AUTHOR'S NAME
Author's Name Karasek, Jan
245 ## - TITLE STATEMENT
Title Forgeries of Czechoslovak postage stamps [1918-1939]
Remainder of title Padelky ceskoslovenskych postovnich znamek [1918-1939]
250 ## - EDITION STATEMENT
Linkage 2nd ed rev. 1985
260 ## - PUBLICATION, DISTRIBUTION, ETC. (IMPRINT)
Place of publication, distribution, etc. Fairfax, VA
Name of publisher, distributor, etc. Society for Czechoslovak Philately
Date of publication, distribution, etc. 1985
650 ## - TOPICAL TERM (Tag)
Topical term or geographic name Czechoslovakia (1918-1992) | 1918-1939 | Forgeries and Counterfeits | Postal Markings -- Bogus and Forged | Covers -- Bogus and Fraudulent | Collecting -- Identification | Experts | Production | Errors and Varieties | Postal Issues | Overprints and Surcharges
700 ## - SECONDARY AUTHOR, EDITOR OR ILLUSTRATOR
Personal Name Hefer, Fred
Holdings
Withdrawn status Lost status Source of classification or shelving scheme Damaged status Koha normalized classification for sorting Not for loan Permanent Location Current Location Date acquired Total Checkouts Full call number Barcode Date last seen Price effective from
        G6511 F721 K18   Northern Philatelic Library Northern Philatelic Library 06/04/2016   G6511 F721 K18 1002370 06/04/2016 06/04/2016

Powered by Koha